| 000 | 00710nam a22001577a 4500 | ||
|---|---|---|---|
| 003 | OSt | ||
| 005 | 20150918094626.0 | ||
| 008 | 150918b xxu||||| |||| 00| 0 eng d | ||
| 040 | _cRUA | ||
| 082 | _aAGR VUN 2005 B032 Or.1 | ||
| 100 |
_9728 _aVUN,VACHANA. |
||
| 245 | _aEffect of differnt organic fertilizer on tomato at royal university of agriculture, (ឥទ្ធិពលនៃជីធម្មជាតិផ្សេងៗគ្នាទៅលើដំណាំប៉េងប៉ោះនៅស្ថានីយ៏ដំណាំសាកលវិទ្យាល័យភូមិន្ទកសិកម្ម) | ||
| 260 |
_aPhnom Penh _bRUA _c2005 |
||
| 300 |
_axi, 52p. _bill. _c29cm. |
||
| 942 |
_2ddc _cAGR |
||
| 999 |
_c701 _d701 |
||